| 000 | 01187cam a2200229 4500 | ||
|---|---|---|---|
| 001 | L136003 | ||
| 008 | 070102n2003 000 0 eng u | ||
| 035 | _a(Sirsi) u136003 | ||
| 041 | 0 | _aeng | |
| 110 | 1 |
_aUnited Kingdom _kLaws, etc _95044 |
|
| 245 | 0 | 4 | _aThe Water Resources (Environmental Impact Assessment) (England and Wales) Regulations 2003 |
| 260 |
_aLondon _bOPSI _c2003 |
||
| 490 | 0 |
_aSI _v2003: 164 |
|
| 520 | _aImpose procedural requirements in relation to the consideration of applications or proposals for an abstraction or impounding licence under the Water Resources Act 1991 Part II Chapter II and require consent in other cases. The Environment Agency is the competent authority in England and Wales for these Regulations. | ||
| 590 | _aKA | ||
| 650 | 2 | 4 | _aTHE WATER RESOURCES (ENVIRONMENTAL IMPACT ASSESSMENT) (ENGLAND AND WALES) REGULATIONS 2003 |
| 650 | 2 | 4 | _aWATER RESOURCES ACT 1991 PART II CHAPTER 2 |
| 651 | 4 |
_aEngland and Wales _y1543- |
|
| 690 | _aENVIRONMENTAL AND LAND CONSULTANCY-ENVIRONMENTAL MANAGEMENT | ||
| 856 | 4 | 0 |
_uhttps://www.opsi.gov.uk/si/si2003/20030164.htm _zView the Statutory Instrument free of charge at www.opsi.gov.uk... |
| 942 | _n0 | ||
| 999 |
_c106282 _d106282 |
||